Estatísticas para Presidentes do Brasil

Clique aqui para jogar o quiz

Estatísticas Gerais

  • Esse quiz foi jogado 4 248 vezes
    (4 191 desde o último reset)
  • A pontuação média é 20 de 36

Estatísticas das Respostas

PeríodoPresidente% Correto
2003-2011Luiz Inácio
Lula da Silva
98%
2018-Jair Bolsonaro
97%
2016-2018Michel Temer
95%
2011-2016Dilma Rousseff
90%
1930-1945, 1951-1954Getúlio Vargas
89%
1891Deodoro da Fonseca
85%
1990-1992Fernando Collor
85%
1995-2003Fernando Henrique
Cardoso
85%
1910-1914Hermes da Fonseca
85%
1961-1964João Goulart
73%
1961Jânio Quadros
70%
1964-1967Humberto Castelo Branco
68%
1985-1990José Sarney
68%
1891-1894Floriano Peixoto
67%
1992-1995Itamar Franco
67%
1956-1961Juscelino Kubitschek
65%
1967-1969Artur da Costa e Silva
62%
1969-1974Emílio Médici
60%
1979-1985João Figueiredo
57%
1974-1979Ernesto Geisel
52%
1946-1951Gaspar Dutra
52%
1954-1955Café Filho
48%
1926-1930Washington Luís
47%
1894-1898Prudente de Morais
39%
1909-1910Nilo Peçanha
36%
1906-1909Afonso Pena
33%
1898-1902Campos Sales
33%
1919-1922Epitácio Pessoa
33%
1922-1926Artur Bernardes
31%
1914-1918Venceslau Brás
31%
1902-1906Rodrigues Alves
29%
1961, 1964Ranieri Mazzilli
26%
1955Carlos Luz
23%
1955-1956Nereu Ramos
22%
1918-1919Delfim Moreira
21%
1945-1946José Linhares
18%

Distribuição das Pontuações

Percentil de Números Respondidos

Porcentagem de Pessoas com Cada Pontuação

Sua Pontuação Histórica

Você não jogou esse quiz desde o último reset